000 00707nam a2200289Ia 4500
005 20260324135116.0
008 008 260324s9999 xx 000 0 eng d
020 _a9781315186467
037 _aEBOOK
040 _aCRL
040 _beng
040 _cCRL
041 _2eng
041 _aeng
084 _qCRL
100 _aHans Andersen; Ronald Kempen
_91199368
245 0 _aGoverning European Cities
245 0 _bSocial Fragmentation, Social Exclusion and Urban
260 _bTaylor and Francis
260 _c2001
365 _a
365 _b230
856 _uhttp://www.taylorfrancis.com/books/9781315186467
942 _cEBOOK
999 _c1800109
_d1800109